Reflections on science of language/ (Record no. 189664)

MARC details
000 -LEADER
fixed length control field 00642nam a22001817a 4500
005 - DATE AND TIME OF LATEST TRANSACTION
control field 20220708165215.0
010 ## - LCCN (DPL NO)
LC control number ENG-133455
020 ## - INTERNATIONAL STANDARD BOOK NUMBER
International Standard Book Number 9789388356602
Terms of availability 800.00
035 ## - SYSTEM CONTROL NUMBER
System control number EN-116987
037 ## - SOURCE OF ACQUISITION
Source of stock number/acquisition DBAD/PUB
082 ## - DEWEY DECIMAL CLASSIFICATION NUMBER
Classification number 410
245 ## - TITLE STATEMENT
Title Reflections on science of language/
Statement of responsibility, etc ed. by Aejaz Mohammed Sheikh and Ranjit Singh Rangila
260 ## - PUBLICATION, DISTRIBUTION, ETC. (IMPRINT)
Place of publication, distribution, etc Delhi-6
Name of publisher, distributor, etc Educational publishing house
Date of publication, distribution, etc 2018
270 ## - ADDRESS
City Delhi-6
Address 3191,Vakil street,Kucha pandit,Lal kuan
Telephone number 232114465
Fax number 0091-11-23211540
Electronic mail address info@ephbooks.com
300 ## - PHYSICAL DESCRIPTION
Extent 583p.
Dimensions 23cm(hb)
Other physical details References
700 ## - ADDED ENTRY--PERSONAL NAME
Personal name ed. Rangila,Ranjit Singh
942 ## - ADDED ENTRY ELEMENTS (KOHA)
Source of classification or shelving scheme Dewey Decimal Classification
Item type English Books
Classification part 410
Call number suffix REF
Holdings
Withdrawn status Lost status Not for loan Collection code Home library Current library Date acquired Source of acquisition Cost, normal purchase price Full call number Barcode Copy number Cost, replacement price Koha item type
    Not For Loan Non-fiction D.B.Act.Division D.B.Act.Division 08/07/2022 DBAD/PUB 800.00 410 REF EN-116987 1 800.00 English Books

© Delhi Public Library
Hit Counter
free hit counter